LDR 00787naa#a2200169#i#450# 001 RU\INFRA-M\bibl\123212 005 20260513143059.3 011 ## _a2500-0527 100 ## _a20260427b2026####ek#y0rusy0150####ca 102 ## _aRU 200 1# _aПерспективы развития programmatic DOOH в омниканальном маркетинге: анализ рынка наружной рекламы Москвы _eЖурнальная статья 210 1# _aМосква _cОбщество с ограниченной ответственностью «Научно-издательский центр ИНФРА-М» _d2026 215 ## _a7 с. 608 ## _aЖурнальная статья _2local 675 ## _aМаркетинг. 339.138 _z 700 #1 _aБогач _gМ. А. 856 4# _anaukaru.ru _u